Catálogo

El espía imperfecto : (Registro nro. 41765)

Detalles MARC
000 -LEADER
fixed length control field 01401cam a2200373 i 4500
001 - CONTROL NUMBER
control field 41765
003 - CONTROL NUMBER IDENTIFIER
control field Mx-PuUPA
005 - DATE AND TIME OF LATEST TRANSACTION
control field 20251007111249.0
008 - FIXED-LENGTH DATA ELEMENTS--GENERAL INFORMATION
fixed length control field 140415s2003 pe a gr 000 0bspa d
017 ## - COPYRIGHT OR LEGAL DEPOSIT NUMBER
Copyright or legal deposit number 1501032003-3749
020 ## - INTERNATIONAL STANDARD BOOK NUMBER
International Standard Book Number 9972402843
040 ## - CATALOGING SOURCE
Transcribing agency Mx-PuUPA
Original cataloging agency Mx-PuUPA
Language of cataloging spa
Modifying agency Mx-PuUPA
Description conventions rda
041 1# - LANGUAGE CODE
Language code of text/sound track or separate title spa
Language code of original und
043 ## - GEOGRAPHIC AREA CODE
Geographic area code s-pe---
100 1# - MAIN ENTRY--PERSONAL NAME
9 (RLIN) 17541
Personal name Bowen, Sally,
Relator term autor
245 13 - TITLE STATEMENT
Title El espía imperfecto :
Remainder of title la telaraña siniestra de Vladimiro Montesinos /
Statement of responsibility, etc. Sally Bowen, Jane Holligan ; traducción preliminar, Roxana Cieza Castellano
264 #1 - PRODUCTION, PUBLICATION, DISTRIBUTION, MANUFACTURE, AND COPYRIGHT NOTICE
Place of production, publication, distribution, manufacture Lima, Perú :
Name of producer, publisher, distributor, manufacturer Ediciones PEISA,
Date of production, publication, distribution, manufacture, or copyright notice 2003
300 ## - PHYSICAL DESCRIPTION
Extent 540 páginas :
Other physical details ilustraciones (en blanco y negro) ;
Dimensions 22 cm
336 ## - CONTENT TYPE
Fuente rdacontent
Content type term texto
Content type code txt
336 ## - CONTENT TYPE
Fuente rdacontent
Content type term imagen fija
Content type code sti
337 ## - MEDIA TYPE
Source rdamedia
Media type term sin medio
Media type code n
338 ## - CARRIER TYPE
Source rdacarrier
Carrier type term volumen
Carrier type code nc
600 14 - SUBJECT ADDED ENTRY--PERSONAL NAME
Personal name Montesinos Torres, Vladimiro,
General subdivision Ética
650 #7 - SUBJECT ADDED ENTRY--TOPICAL TERM
Source of heading or term armarc
Topical term or geographic name entry element Corrupción política
Geographic subdivision Perú
650 #7 - SUBJECT ADDED ENTRY--TOPICAL TERM
Source of heading or term armarc
Topical term or geographic name entry element Delitos de los funcionarios
Geographic subdivision Perú
650 #7 - SUBJECT ADDED ENTRY--TOPICAL TERM
Source of heading or term armarc
Topical term or geographic name entry element Políticos
Geographic subdivision Perú
Form subdivision Biografía
651 #4 - SUBJECT ADDED ENTRY--GEOGRAPHIC NAME
Geographic name Perú
General subdivision Política y gobierno
Chronological subdivision 1980
700 1# - ADDED ENTRY--PERSONAL NAME
Personal name Holligan, Jane,
Relator term autor
700 1# - ADDED ENTRY--PERSONAL NAME
Personal name Cieza Castellano, Roxana,
Relator term traductor
942 ## - ADDED ENTRY ELEMENTS (KOHA)
Source of classification or shelving scheme Dewey Decimal Classification
Koha item type Libro
Classification part 324.2092
Item part B7818
Existencias
Withdrawn status Lost status Source of classification or shelving scheme Damaged status Not for loan Collection code Home library Current library Shelving location Date acquired Source of acquisition Total Checkouts Full call number Barcode Date last seen Price effective from Koha item type
    Dewey Decimal Classification     General Biblioteca Karol Wojtyla Biblioteca Karol Wojtyla Sala general 03/12/2013 Donación   324.2092 B7818 2003 62978 05/01/2026 03/12/2013 Libro